Twenty Five Indian Poets In English (Record no. 21078)

MARC details
000 -LEADER
fixed length control field 00425nam a2200169Ia 4500
008 - FIXED-LENGTH DATA ELEMENTS--GENERAL INFORMATION
fixed length control field 220531s9999 xx 000 0 und d
041 ## - LANGUAGE CODE
Language code of text/sound track or separate title eng
082 ## - DEWEY DECIMAL CLASSIFICATION NUMBER
Item number RAM
100 ## - MAIN ENTRY--PERSONAL NAME
Personal name Ramamurthi, K. S. Ed
9 (RLIN) 34143
245 ## - TITLE STATEMENT
Title Twenty Five Indian Poets In English
260 ## - PUBLICATION, DISTRIBUTION, ETC. (IMPRINT)
Name of publisher, distributor, etc. Macmillan
Date of publication, distribution, etc. 1995
300 ## - PHYSICAL DESCRIPTION
Extent 205
542 ## - INFORMATION RELATING TO COPYRIGHT STATUS
Copyright holder 13-08-1996
650 ## - SUBJECT ADDED ENTRY--TOPICAL TERM
Topical term or geographic name as entry element English
9 (RLIN) 34144
906 ## - LOCAL DATA ELEMENT F, LDF (RLIN)
d 1996-1997
-- 2015-2016
f 4794
Holdings
Withdrawn status Lost status Source of classification or shelving scheme Damaged status Not for loan Home library Current library Date acquired Vendor Cost, normal purchase price Total Checkouts Total Holds Full call number Barcode Date last seen Bill Date Koha item type Original Barcode
Withdrawn   Dewey Decimal Classification     Shri Siddhivinayak Mahila Mahavidyalaya Shri Siddhivinayak Mahila Mahavidyalaya 09/09/1996 Vaibhav 85.00   1 /RAM/B/2059 SSMM-BK-2059 06/08/2022 06/08/2022 Books 010002059